000 01105nam a22001817a 4500
005 20251201154308.0
020 _a978-8126576463
082 _a005.43(R) BHA
100 _aBharti Motwani
_91139
245 _aData Analytics with R
250 _a1
260 _aWiley
_bNew Delhi
_c2023
300 _a664
_bItem Weight ‏ : ‎ 111 g Dimensions ‏ : ‎ 20.3 x 25.4 x 4.7 cm
520 _aData analysis is the method of examining, cleansing, and modelling with the objective of determining useful information for effective decision-making and operations. It includes diverse techniques and tools and plays a major role in different business, Science and Social Science areas. R software provides numerous functions and packages for using different techniques for producing desired outcome. Data analytics with R will enable readers gain sufficient knowledge and experience to perform analysis using different analytical tools available in R. Each Chapter begins with a number of important and interesting examples taken from a variety of sectors.
650 _aCSE
_914
942 _cBK
999 _c38053
_d38053